Cultural history of Assam : (Record no. 136715)

MARC details
000 -LEADER
fixed length control field 00545nam a22001937a 4500
010 ## - LIBRARY OF CONGRESS CONTROL NUMBER
LC control number 009456
035 ## - SYSTEM CONTROL NUMBER
System control number 009456
037 ## - SOURCE OF ACQUISITION
Source of stock number/acquisition Cen Lib / Ret
040 ## - CATALOGING SOURCE
Original cataloging agency DPL
Language of cataloging EN
082 ## - DEWEY DECIMAL CLASSIFICATION NUMBER
Classification number 954.51
Item number BAR
100 ## - MAIN ENTRY--PERSONAL NAME
Personal name Barua, B. K.
245 ## - TITLE STATEMENT
Title Cultural history of Assam :
Remainder of title early period /
Statement of responsibility, etc by B. K. Barua
260 ## - PUBLICATION, DISTRIBUTION, ETC. (IMPRINT)
Place of publication, distribution, etc Assam
Name of publisher, distributor, etc Lawyer's Book Stall
Date of publication, distribution, etc 1951
270 ## - ADDRESS
Address Lawyer's Book Stall
300 ## - PHYSICAL DESCRIPTION
Extent (v 1. 223)
Other physical details 24cm(Hb)
650 ## - SUBJECT ADDED ENTRY--TOPICAL TERM
Topical term or geographic name as entry element Assam (India) -- History.
650 ## - SUBJECT ADDED ENTRY--TOPICAL TERM
Topical term or geographic name as entry element India -- Assam.
942 ## - ADDED ENTRY ELEMENTS (KOHA)
Source of classification or shelving scheme Dewey Decimal Classification
Koha item type English Books
Classification part 954.51
Call number suffix BAR
Holdings
Withdrawn status Lost status Source of classification or shelving scheme Materials specified (bound volume or other part) Damaged status Not for loan Home library Current library Date acquired Source of acquisition Total Checkouts Full call number Barcode Date last seen Copy number Price effective from Koha item type
    Dewey Decimal Classification v 1     Central Library Central Library 08/03/2016 Cen Lib/Ret   954.51 BAR 009456 08/03/2016 1 08/03/2016 English Books

© Delhi Public Library
Hit Counter
free hit counter